000 00458nam a2200181Ia 4500
001 9178
005 20260306160704.0
008 260306t2001||||xx |||||||||||||| ||spa||
041 _aESP
082 _a374.9
_bT99
100 _aTiack, David
_eAUT
245 0 _aEn busca de la utopía:
_bun siglo de reformas de las escuelas públicas
260 _c2001
300 _a290 páginas :
_c21 cm.
650 _aGEN
654 _aCED
942 _cLIB
_dJUS
_fJUS
_2ddc
_n
999 _c9178
_d9178